Statistiques concernant Pokémons sans évolution

Cliquez ici pour prendre le quiz!

Statistiques générales

  • Ce quiz a été pris 106 fois
    (14 depuis la dernière actualisation)
  • Le résultat moyen est 49 sur 89

Statistiques - réponses

GénérationPokémon% Correct
5GEmolga
86%
1GMétamorph
86%
1GPtéra
86%
1GTauros
86%
2GÉcrémeuh
79%
3GLovdisc
79%
5GDrakkarmin
71%
1GLokhlass
71%
4GMotisma
71%
3GNégapi
71%
4GPachirisu
71%
3GPosipi
71%
3GRelicanth
71%
3GAbsol
64%
7GDenticrisse
64%
5GJudokrak
64%
1GKangourex
64%
5GKaraclée
64%
3GLumivole
64%
5GMamanbo
64%
3GMangriff
64%
3GMorphéo
64%
3GMuciole
64%
3GMysdibule
64%
5GNanméouïe
64%
2GQueulorior
64%
1GScarabrute
64%
3GSéviper
64%
3GSpinda
64%
4GSpiritomb
64%
3GTénéfix
64%
7GTogedemaru
64%
3GTropius
64%
2GAirmure
57%
2GCadoizo
57%
2GCaratroc
57%
3GChartor
57%
6GCouafarel
57%
5GCryptéro
57%
6GDedenne
57%
7GDraïeul
57%
7GFroussardine
57%
7GGouroutan
57%
3GKecleon
57%
5GLimonde
57%
7GMimiqui
57%
2GScarhino
57%
3GSéléroc
57%
7GSinistrail
57%
3GSolaroc
57%
2GZarbi
57%
5GAflamanoir
50%
7GBoumata
50%
6GBrutalibré
50%
7GConcombaffe
50%
5GFermite
50%
5GFrison
50%
5GHexagel
50%
5GMaracachi
50%
7GMéténo
50%
9GNigirigon
50%
9GOyacata
50%
4GPijako
50%
7GPlumeline
50%
7GQuartermac
50%
6GStrassie
50%
6GTrousselin
50%
4GVortente
50%
8GMorpeko
43%
8GNigosier
43%
8GWimessir
43%
9GCraparoi
36%
9GDélestin
36%
7GDodoala
36%
8GDuralugon
36%
9GFerdeter
36%
9GFlamenroule
36%
8GGalvagla
36%
8GGalvagon
36%
7GGuérilande
36%
8GHexadron
36%
8GHydragla
36%
8GHydragon
36%
9GLestombaile
36%
9GTapatoès
36%
8GBekaglaçon
29%
8GDolman
29%
9GMotorizard
29%
8GWattapik
21%

Distribution des résultats

Percentile par nombre de réponses

% des personnes avec chaque résultat

Votre développement - résultats

Vous n’avez pas pris ce quiz depuis la dernière actualisation